Food loss and waste: building on existing federal efforts could help to achieve national reduction goal : report to congressional requesters.

Bibliographic Details
Corporate Author: United States. Government Accountability Office (Author)
Format: Government Document eBook
Language:English
Published: Washington, DC : United States Government Accountability Office, 2019.
Subjects:
Online Access:https://purl.fdlp.gov/GPO/gpo187364

MARC

Tag First Indicator Second Indicator Subfields
LEADER 00000nam a2200000 i 4500
001 in00004642012
006 m o d f
007 cr |||||||||||
008 221006s2019 dcua ob f000 0 eng c
005 20230113210934.1
035 |a (OCoLC)on1346859304 
040 |a GPO  |b eng  |e rda  |e pn  |c GPO  |d MvI 
042 |a pcc 
043 |a n-us--- 
049 |a WWW 
074 |a 0546-D (online) 
086 0 |a GA 1.13:GAO-19-391 
088 |a GAO-19-391 
110 1 |a United States.  |b Government Accountability Office,  |0 https://id.loc.gov/authorities/names/no2004066329  |e author. 
245 1 0 |a Food loss and waste: building on existing federal efforts could help to achieve national reduction goal : report to congressional requesters. 
246 3 0 |a Building on existing federal efforts could help to achieve national reduction goal 
264 1 |a Washington, DC :  |b United States Government Accountability Office,  |c 2019. 
300 |a 1 online resource (ii, 42 pages) :  |b color illustrations 
336 |a text  |b txt  |2 rdacontent 
337 |a computer  |b c  |2 rdamedia 
338 |a online resource  |b cr  |2 rdacarrier 
500 |a "June 2019." 
500 |a "GAO-19-391." 
500 |a GPO Cataloging Record Distribution Program (CRDP). 
504 |a Includes bibliographical references. 
588 |a Description based on online resource, PDF version; title from cover (GAO, viewed on Oct. 6, 2022). 
610 2 0 |a Natural Resources Defense Council.  |0 https://id.loc.gov/authorities/names/n81054007 
650 0 |a Food waste  |0 https://id.loc.gov/authorities/subjects/sh2011004561  |z United States  |0 https://id.loc.gov/authorities/names/n78095330-781  |x Prevention.  |0 https://id.loc.gov/authorities/subjects/sh99002416 
650 0 |a Waste minimization  |0 https://id.loc.gov/authorities/subjects/sh88004650  |x Food  |0 https://id.loc.gov/authorities/subjects/sh99005367  |z United States.  |0 https://id.loc.gov/authorities/names/n78095330-781 
650 0 |a Food supply  |0 https://id.loc.gov/authorities/subjects/sh85050339  |z United States.  |0 https://id.loc.gov/authorities/names/n78095330-781 
856 4 0 |u https://purl.fdlp.gov/GPO/gpo187364  |t 0 
999 f f |s 3a948781-901e-4e46-b01f-5f018da3c6c5  |i aa252b46-244a-488c-8704-46245713c99b  |t 0 
952 f f |a Texas A&M University  |b College Station  |c Electronic Resources  |d Available Online  |t 0  |e GA 1.13:GAO-19-391  |h Superintendent of Documents classification 
998 f f |a GA 1.13:GAO-19-391  |t 0  |l Available Online